000 00932nai a22002057a 4500
003 OSt
005 20191221081324.0
008 160902b xxu||||| |||| 00| 0 eng d
022 _a2521-2508 (impreso); 2521-2516 (online)
040 _aBMC
_cBMC
082 _a343.07197284
245 0 0 _aRevista de educación militar y cultura
_c[Edwin Ernesto Juárez Monterroza ...et al], director general
_pDiciembre
260 _aSan Salvador (El Salvador)
_bComando de Doctrina y Educación Militar
_c2018
300 _a55 p.
_bil.
_c28 cm
490 _aEducación militar y cultura
_v11
505 _aContiene: Sistema educativo de la Fuerza Armada.- Neurociencia y educación.- Poema: Ser Soldado Salvadoreño.- Cómo manejar el estrés en la vida militar (si yo cambio, el mundo cambia).-
650 2 4 _921651
_aFuerzas armadas
_zEl Salvador
_xHistoria
700 1 _944166
_aJuárez Monterrosa, Edwin Ernesto
_cGral. Bgda.
942 _2ddc
_cPR
999 _c31004
_d31004